| 000 | 00463nam a2200181Ia 4500 | ||
|---|---|---|---|
| 001 | 10926 | ||
| 005 | 20260306161908.0 | ||
| 008 | 260306t2014||||xx |||||||||||||| ||spa|| | ||
| 041 | _aESP | ||
| 082 |
_a982.064 _bM61 |
||
| 100 |
_aMinisterio de Relaciones Exteriores y Culto _eAUT |
||
| 245 | 0 | _aSoberanía Argentina en malvinas a 50 años del Alegato Ruda | |
| 260 | _c2014 | ||
| 300 |
_a _c |
||
| 650 | _aGEN | ||
| 654 | _aCHU | ||
| 942 |
_cLIB _dJUS _fJUS _2ddc _n |
||
| 999 |
_c10926 _d10926 |
||